Boardwatch magazine

Detalles Bibliográficos
Título anterior:Denver PC boardwatch
Formato: Electrónico Revista
Lenguaje:inglés
Publicado: Littleton, CO : J. Rickard
Materias:
Acceso en línea:Full text available from Research Library: 07/01/1999 to 01/31/2003

MARC

LEADER 00000nas a2200000 a 4500
001 ssj0002087
003 WaSeSS
005 20200512172242.0
006 m d
007 cr n
008 900110d19892002coumr p s 0 a0eng c
010 |a  90650628  
015 |a 018442420  |2 dnb 
016 7 |a 1342233-9  |2 DE-600 
022 |l 1054-2760  |y 1054-2760 
032 |a 008389  |b USPS 
035 |a (WaSeSS)ssj0002087 
037 |b Boardwatch magazine, 5970 S. Vivian St., Littleton, CO 80127 
040 |a UNE  |b eng  |c UNE  |d DLC  |d NSD  |d DLC  |d NST  |d NSD  |d EBZ  |d OCLCQ  |d GBVCP  |d OCLCQ  |d OCLCF  |d OCLCO  |d LIP  |d WaSeSS 
042 |a pcc  |a nsdp 
050 0 0 |a QA76.9.B84  |b B6 
082 0 0 |a 004.693/05  |2 20 
210 0 |a Boardwatch mag. 
222 0 |a Boardwatch magazine 
245 0 0 |a Boardwatch magazine  |h [electronic resource]. 
246 3 0 |a Board watch magazine 
260 |a Littleton, CO :  |b J. Rickard 
310 |a Monthly 
362 1 |a Began in 1989; ceased with Dec. 2002. 
506 |a License restrictions may limit access. 
515 |a Issue for Apr. 1992 incorrectly called v. 6, issue 2, but constitutes v. 6, issue 3. 
588 |a Description based on: Vol. 3, issue 11 (Nov. 1989); title from caption. 
588 |a Latest issue consulted: Apr. 1992. 
650 0 |a Computer bulletin boards  |v Periodicals. 
650 0 |a Information networks  |v Periodicals. 
650 7 |a Computer bulletin boards.  |2 fast  |0 (OCoLC)fst00872042 
650 7 |a Information networks.  |2 fast  |0 (OCoLC)fst00972570 
655 0 |a Electronic journals. 
780 0 0 |t Denver PC boardwatch  |x 0894-5209  |w (DLC)sn 87001962  |w (OCoLC)16122508 
850 |a DLC  |a NN 
856 4 0 |z Full text available from Research Library: 07/01/1999 to 01/31/2003  |u https://search.proquest.com/publication/33765